Normal view
MARC view
Entry Personal Name
001 - CONTROL NUMBER
- control field: 15164
003 - CONTROL NUMBER IDENTIFIER
- control field: OSt
005 - DATE AND TIME OF LATEST TRANSACTION
- control field: 20211105133903.0
008 - FIXED-LENGTH DATA ELEMENTS
- fixed length control field: 211105|| aca||aabn | a|a d
040 ## - CATALOGING SOURCE
- Original cataloging agency: OSt
- Transcribing agency: OSt
100 ## - HEADING--PERSONAL NAME
- Personal name: Hunger, Kurt., ed
670 ## - SOURCE DATA FOUND
- Source citation: Work cat.: (OSt): Colloquium of the International Astronomical Union on Hydrogen Deficient Stars and Related Objects 87th Mysore 1985 Nov. 10-15 15162, Hydrogen deficient Stars and Related objects, 1986